Statystyki dla Najsilniejsze państwa Afryki

Kliknij tutaj aby rozwiązać quiz!

Ogólne statystyki

  • Ten quiz został rozwiązany 108 razy
  • Średni wynik to 13 z 15

Statystyki odpowiedzi

Państwa% Poprawnych
1.Egipt
99%
3.Republika Południowej Afryki
99%
8.Algieria
97%
2.Nigeria
95%
6.Demokratyczna Republika Konga
94%
10.Maroko
92%
7.Sudan
88%
12.Libia
83%
4.Etiopia
81%
11.Kenia
80%
14.Kongo
78%
5.Angola
77%
13.Tanzania
73%
15.Mozambik
71%
9.Senegal
67%

Rozkład punktacji

Percentyl według liczby udzielonych odpowiedzi

Procent ludzi z każdym wynikiem

Twoja historia wyników

Nie rozwiązałeś tego quizu